How to survive a training assignment : a practical guide for the new, part-time or temporary trainer

Bibliographic Details
Main Author: Ellis, Steven K. (Author)
Format: Book
Language:English
Published: New York : Addison-Wesley Publ. 1988
Subjects:

MARC

LEADER 00000cam a2200000 7i4500
001 0000003374
005 20240926.0
008 991203 nyua eng
020 |a 0201066475 
040 |a INS   |b eng   |e rda 
090 0 0 |a HF5549.5.T7   |b E43 1988 
100 0 |a Ellis, Steven K. ,   |e author 
245 1 0 |a How to survive a training assignment :   |b a practical guide for the new, part-time or temporary trainer   |c Steven K. Ellis 
264 1 |a New York :   |b Addison-Wesley Publ.   |c 1988 
300 |a xi, 156 pages :   |b illustrations ;   |c 24 cm. 
336 |a text  |2 rdacontent 
337 |a unmediated  |2 rdamedia 
338 |a volume  |2 rdacarrier 
650 0 |a Employees   |x Training of Handbooks   |x manual   |x etc. 
650 0 |a Training 
999 |a 0000005507   |b BOOK   |c Open Shelf   |e Default branch